[Event "North American Blitz op 30th"]
[Site "ICC INT"]
[Date "2020.12.31"]
[Round "2"]
[White "Das, Manmohan"]
[Black "Chasin, Nico Werner"]
[Result "0-1"]
[WhiteElo "1743"]
[BlackElo "2292"]
[PlyCount "74"]
[EventDate "2020.12.31"]
[EventType "swiss (blitz)"]
[EventRounds "11"]
[EventCountry "USA"]
[SourceTitle "CBM 200 Extra"]
[Source "ChessBase"]
[SourceDate "2021.03.31"]
[SourceVersion "1"]
[SourceVersionDate "2021.03.31"]
[SourceQuality "1"]

1. d4 Nf6 2. Bf4 c5 3. e3 Qb6 4. Nc3 d6 5. Rb1 Nc6 6. Nf3 Bg4 7. d5 Nb8 8. Be2 Nbd7 9. 0-0 g6 10. e4 Bg7 11. h3 Bxf3 12. Bxf3 0-0 13. Re1 Ne8 14. Qd2 Ne5 15. Be2 Nc7 16. Bh6 f5 17. Bxg7 Kxg7 18. exf5 Rxf5 19. Bg4 Rf7 20. Be6 Rff8 21. Qg5 Rae8 22. h4 c4 23. Re2 Nxe6 24. dxe6 Rf5 25. Qg3 Nc6 26. Re4 d5 27. Rf4 Rxf4 28. Nxd5 Qxf2+ 29. Qxf2 Rxf2 30. Kxf2 Nd4 31. Nf4 Rf8 32. Kg3 Nxc2 33. Rc1 Ne3 34. Nh3 Nf5+ 35. Kg4 h5+ 36. Kg5 Nd6 37. g4 Ne4# 0-1

[Event "North American Blitz op 30th"]
[Site "ICC INT"]
[Date "2020.12.31"]
[Round "9"]
[White "Das, Manmohan"]
[Black "Kumar, Sriram"]
[Result "0-1"]
[WhiteElo "1743"]
[BlackElo "1630"]
[PlyCount "108"]
[EventDate "2020.12.31"]
[EventType "swiss (blitz)"]
[EventRounds "11"]
[EventCountry "USA"]
[SourceTitle "CBM 200 Extra"]
[Source "ChessBase"]
[SourceDate "2021.03.31"]
[SourceVersion "1"]
[SourceVersionDate "2021.03.31"]
[SourceQuality "1"]

1. d4 Nf6 2. Bf4 g6 3. e3 Bg7 4. h3 0-0 5. c3 d6 6. Nf3 Nbd7 7. Be2 Ne8 8. 0-0 c5 9. Nbd2 Nc7 10. e4 e5 11. Be3 exd4 12. cxd4 d5 13. e5 c4 14. Rc1 b5 15. b3 Ne6 16. bxc4 bxc4 17. Nb1 Nb6 18. Nc3 a6 19. Nd2 Bd7 20. Bf3 Bc6 21. Qe2 f5 22. exf6 Qxf6 23. Rfd1 Rae8 24. Qf1 Nf4 25. Bxf4 Qxf4 26. Ne2 Qg5 27. Ng3 Bxd4 28. Nxc4 Rxf3 29. Rxd4 Rxg3 30. Nxb6 Bb5 31. Rxd5 Bxf1 32. Rxg5 Rxg5 33. Kxf1 Rb5 34. Nd7 Re7 35. Nf6+ Kf7 36. Ng4 Rb2 37. a4 Ree2 38. Rc3 Rec2 39. Rf3+ Kg7 40. g3 Rb1+ 41. Kg2 Ra1 42. Rf4 Raa2 43. Nf6 Rxf2+ 44. Rxf2 Rxf2+ 45. Kxf2 Kxf6 46. Kf3 Ke5 47. Ke3 Kd5 48. Kd3 a5 49. Kc3 Kc5 50. Kb3 Kd4 51. g4 g5 52. Ka3 Kc3 53. Ka2 Kb4 54. Kb2 Kxa4 0-1

[Event "North American Blitz op 30th"]
[Site "ICC INT"]
[Date "2020.12.31"]
[Round "1"]
[White "Yang, Kaiqi"]
[Black "Das, Manmohan"]
[Result "1/2-1/2"]
[WhiteElo "2481"]
[BlackElo "1743"]
[PlyCount "106"]
[EventDate "2020.12.31"]
[EventType "swiss (blitz)"]
[EventRounds "11"]
[EventCountry "USA"]
[SourceTitle "CBM 200 Extra"]
[Source "ChessBase"]
[SourceDate "2021.03.31"]
[SourceVersion "1"]
[SourceVersionDate "2021.03.31"]
[SourceQuality "1"]

1. d4 d5 2. Bf4 c6 3. e3 Nf6 4. Nd2 Qb6 5. Rb1 Bf5 6. Ngf3 e6 7. Nh4 Bg6 8. Nxg6 hxg6 9. h3 c5 10. c3 Nc6 11. Be2 Be7 12. 0-0 0-0 13. dxc5 Qxc5 14. c4 Rfd8 15. Qc1 Rac8 16. cxd5 Qxc1 17. Rbxc1 Nxd5 18. Bg3 Nxe3 19. fxe3 Rxd2 20. Bc4 Rxb2 21. Bb3 Rd2 22. Rc4 Rcd8 23. Be1 R2d3 24. Re4 Bc5 25. Rf3 Ne7 26. Bc2 R3d7 27. Bh4 Rc8 28. Bb3 Nf5 29. Bf2 Rcd8 30. g4 Nd6 31. Re5 Bb6 32. Kg2 Rc8 33. Rxe6 Nc4 34. Re4 Nd2 35. Ref4 Nxf3 36. Kxf3 Rcd8 37. h4 Bc7 38. Re4 Rd2 39. Re7 R2d7 40. Re4 Kf8 41. Be1 a6 42. h5 gxh5 43. gxh5 Bd6 44. Bc3 Be7 45. Rg4 Bf6 46. Bb4+ Kg8 47. h6 Kh7 48. hxg7 Bxg7 49. Rh4+ Kg8 50. Rg4 Kh7 51. Rh4+ Kg8 52. Rg4 Kh7 53. Bc2+ Kg8 1/2-1/2